| 000 | 00410nam a2200145 a 4500 | ||
|---|---|---|---|
| 005 | 20140412111237.0 | ||
| 008 | 001115s19uu xx 00 eng d | ||
| 050 |
_aM 567.9 _bDi621 1987 |
||
| 245 |
_aDinosaurs / _cillustrated by Yong Situ. |
||
| 260 |
_aTokyo : _bFroebel-kan, _c1987. |
||
| 300 | _a13 p. | ||
| 440 | _aMy Picture Library | ||
| 650 | _aDinosaurs -- Picture books for children | ||
| 999 |
_c102508 _d102508 |
||